00605nam a2200181 a 450000100100000000500170001000800410002704000250006804100150009308200150010810000360012324500730015926000330023230000200026550000730028550000390035870000260039700001115220200929162356.0091014s1966 dr 001 0 spa d aDO-SdBNPbspacBNPHU17aspahfrend axxxxbxxxx1 aRojas Abreu, Enriquillo,d1920-10aAntipuerto /cEnrriquillo Rojas Abreu ; traducción Claude Couffon. aParis :bHispaniques,c1966. a57 p. ;c27 cm. aIncluye referencias bibligráficas y notas al pie de las páginas. aTexto en español y en francés.1 aCouffon, Claude,etr.